00714nam a2200229 i 450000100060000000300090000600500170001500700030003200800410003508000130007610000280008924501070011725000120022426000500023630000330028649000330031965000300035265000300038270000210041283000300043385200210046344893ES-MaACL20250808012655.0t|030324s1952 sp ||||1| spa d a291.24.41 aClouzot, Henri-Georges.13aEl caballo de los dioses / cHenri-Georges Clouzot ; [traducción del francés por Edmond Vallés]. a1ª ed. aBarcelona : bAymá, c1952 (fImp. Juvenil) a222 p., 16 lám. ; c22 cm.1 aLos caminos de la vida ; v2 4aCultos afro-brasileños. 4aMagia-zAmérica latina.1 aVallès, Edmon.14aLos caminos de la vidav2 aES-MaACLjD-8582